• 首页
  • 本馆介绍
  • 公告通知
  • 最新文献
  • 馆藏检索
  • 电子资源
  • 读者导购
  • 参考咨询
  • 我的图书馆
  • 登录
  • 详细信息显示
  • 放入我的书架
  • 预约/预借图书
  • 作者相关作品
  • 分类相关作品
  • 丛书相关作品
  • 出版社相关作品

书目信息

  • 表格格式
  • 工作单格式
  • 卡片格式
题名:
阅读大师
    
 
作者: 马原
分册:  
出版信息: 上海   上海文艺出版社  37257
页数: 393页
开本: 20cm
丛书名:
单 册:
中图分类: I03
科图分类:
主题词: 文艺工作者
电子资源:
ISBN: 7-5321-2333-2
000 00470nam0 2200181 450
001 0728815141
005 20070819080015.14
010    @a7-5321-2333-2@d¥22.00
100    @a20070819d km y0chiy0120 ea
101 0  @achi
200 1  @a阅读大师@Ayue du da shi@f马原@Fma yuan
210    @a上海@c上海文艺出版社@d37257
215    @a393页@d20cm
606 0  @a文艺工作者
690    @aI03@v3
701  0 @a马原@Ama yuan
801  0 @aCN@bPFT@c20070819
905    @a213230@dI03@eZW113@f1
    
    阅读大师/马原.-上海:上海文艺出版社,37257
    393页;20cm
    
    
    ISBN 7-5321-2333-2:¥22.00
    
●
相关链接 在E读中查询图书 在五车中查询图书 在当当中查询图书 在豆瓣中查询图书


正题名:阅读大师     索取号:I03/ZW113         预约/预借

序号 登录号 条形码 馆藏地/架位号 状态 备注
1 7604627   276046271   密集书库-文学院/ [索取号:I03/ZW113] 在馆    
唐山师范学院图书馆 欢迎您!
大连网信软件有限公司© 版权所有